| 000 | 00794nmm a2200265 a 4500 | ||
|---|---|---|---|
| 001 | ocm0001411755 | ||
| 003 | TR-IsHL | ||
| 005 | 20201028164821.0 | ||
| 008 | 160220s2016 tu eng | ||
| 007 | cr cn | ||
| 020 | _a9786059654555 | ||
| 035 |
_a1411755 _b(N$T) |
||
| 050 | 0 | 4 |
_aBF575.B46 _bE8 2016 |
| 090 | 0 | 4 |
_aBF575.B46 _bE8 2016 |
| 100 | 1 | _aEsina, Oksana | |
| 245 | 1 | 0 |
_aLove is _h[electronic resource] / _cOksana Esina |
| 260 |
_aİstanbul : _bE-Kitap Projesi, _c2016 |
||
| 300 | _a49 p. | ||
| 650 | 4 | _aFelsefe, Psikoloji ve Din | |
| 650 | 4 | _aPhilosophy, Psychology and Religion | |
| 650 | 0 | _aAşk | |
| 650 | 0 | _aLove | |
| 650 | 7 |
_aPSYCHOLOGY / Emotions _2bisacsh |
|
| 856 | 4 | 0 | _uhttp://search.ebscohost.com/login.aspx?direct=true&scope=site&db=e011xww&AN=1411755 |
| 999 |
_c15713 _d15713 |
||